LIBRARY & INFORMATION CENTRE, KCAET, TAVANUR

ONLINE PUBLIC ACCESS CATALOGUE (OPAC)

Land husbandry and watershed management (Record no. 13923)

MARC details
000 -LEADER
fixed length control field 00275nam a22001097a 4500
020 ## - INTERNATIONAL STANDARD BOOK NUMBER
ISBN 9788127258733
082 ## - DEWEY DECIMAL CLASSIFICATION NUMBER
Classification number 551.48
Item number THO/LA
100 ## - MAIN ENTRY--AUTHOR NAME
Personal name Thomas, George C
245 ## - TITLE STATEMENT
Title Land husbandry and watershed management
260 ## - PUBLICATION, DISTRIBUTION, ETC. (IMPRINT)
Place of publication Ludhiana
Name of publisher Kalyani Publishers
Year of publication 2012
942 ## - ADDED ENTRY ELEMENTS (KOHA)
Koha item type Books
Holdings
Withdrawn status Lost status Damaged status Collection code Home library Current library Shelving location Date acquired Source of acquisition Cost, normal purchase price Full call number Accession Number Koha item type
      Non-fiction KAUAET KAUAET General Stacks 30/03/2013 Minerva Books 450.00 551.48 THO/LA 23778 Books
free website counter